[Event "ROM-ch U12 Boys"]
[Site "Voineasa"]
[Date "2008.04.14"]
[Round "4"]
[White "Muchi, Dumitru Daniel"]
[Black "Negut, Daniel Andrei"]
[Result "0-1"]
[WhiteElo "401"]
[BlackElo "401"]
[PlyCount "62"]
[EventDate "2008.04.08"]
[EventType "swiss"]
[EventRounds "9"]
[EventCountry "ROU"]
[SourceTitle "EXT 2013"]
[Source "ChessBase"]
[SourceDate "2012.11.22"]
[SourceVersion "1"]
[SourceVersionDate "2012.11.22"]
[SourceQuality "1"]

1. e4 e5 2. Nf3 Nc6 3. Nc3 Nf6 4. Bb5 d6 5. Bxc6+ bxc6 6. 0-0 Be7 7. d3 0-0 8. Bg5 d5 9. exd5 cxd5 10. Bxf6 Bxf6 11. h3 h6 12. Re1 Qd6 13. Nb5 Qe7 14. Re2 Rb8 15. Nxa7 Rxb2 16. Nxc8 Rxc8 17. Rb1 Rxa2 18. c3 Rca8 19. Rxa2 Rxa2 20. d4 Bh4 21. Nxh4 Qxh4 22. Qf1 exd4 23. cxd4 Qxd4 24. Rd1 Rd2 25. Rxd2 Qxd2 26. g4 d4 27. h4 d3 28. g5 hxg5 29. hxg5 Qxg5+ 30. Kh1 Qh5+ 31. Kg1 d2 0-1